=LDR 00000nam 2200000 4500 =001 INLIS000000000007627 =005 20200219103830 =035 ##$$a 0010-061300000007627 =008 200219################g##########0#ind## =041 ##$$a Ind =082 ##$$a 009.095 98 =090 ##$$a 009.095 98, Asi p =100 ##$$a Asiarto, Luthfi =245 1#$$a Perkembangan permuseuman di Indonesia dari pelita 1-IV, /$c Drs. Luthfi Asiarto =260 ##$$a Jakarta :$b Museum Negeri,$c 1999 =300 ##$$a vii, 252 hlm, : $b Ilus ; $c 27 x 20 cm =650 #4$$a Museum Indonesia =084 ##$$a 009.095 98 ASI p =990 ##$$a DW00023542